Vida y obra de Francisco Goya (Record no. 71068)

MARC details
000 -LEADER
campo de control de longitud fija 00987nam a2200253 i 4500
001 - NÚMERO DE CONTROL
campo de control 71068
003 - IDENTIFICADOR DE NÚMERO DE CONTROL
campo de control ES-MaACL
005 - FECHA Y HORA DE LA ÚLTIMA TRANSACCIÓN
campo de control 20250823063041.0
007 - CAMPO FIJO DE DESCRIPCIÓN FÍSICA--INFORMACIÓN GENERAL
campo de control de longitud fija t|
008 - DATOS DE LONGITUD FIJA--INFORMACIÓN GENERAL
campo de control de longitud fija 040805s1974 sp ||||1| spa d
100 1# - ENTRADA PRINCIPAL--NOMBRE DE PERSONA
Nombre de persona Gassier, Pierre,
Fechas asociadas al nombre 1915-2000
9 (RLIN) 55913
245 10 - MENCIÓN DEL TÍTULO
Título Vida y obra de Francisco Goya
Resto del título : reproducción de su obra completa, pinturas, dibujos y grabados /
Mención de responsabilidad, etc. por Pierre Gassier y Juliet Wilson : prefacio de Enrique Lafuente Ferrari ; edición dirigida por François Lachenal ; [traducción de Dolores Sánchez Aleu].
250 ## - MENCION DE EDICION
Mención de edición [1ª ed.].
260 ## - PUBLICACIÓN, DISTRIBUCIÓN, ETC.
Lugar de publicación, distribución, etc. Barcelona :
Nombre del editor, distribuidor, etc. Juventud,
Fecha de publicación, distribución, etc. [1974]
300 ## - DESCRIPCIÓN FÍSICA
Extensión 400 p., 12 lám. :
Otras características físicas il. ;
Dimensiones 34 cm.
600 14 - PUNTO DE ACCESO ADICIONAL DE MATERIA--NOMBRE DE PERSONA
Nombre de persona Goya, Francisco de,
Fechas asociadas al nombre 1746-1828
9 (RLIN) 240353
700 1# - ENTRADA AGREGADA--NOMBRE PERSONAL
Nombre de persona Wilson, Juliet.
9 (RLIN) 117038
700 1# - ENTRADA AGREGADA--NOMBRE PERSONAL
Nombre de persona Lafuente Ferrari, Enrique,
Fechas asociadas al nombre 1898-1985
9 (RLIN) 69538
700 1# - ENTRADA AGREGADA--NOMBRE PERSONAL
Nombre de persona Lachenal, François.
9 (RLIN) 69361
700 1# - ENTRADA AGREGADA--NOMBRE PERSONAL
Nombre de persona Sánchez Aleu, Dolores.
9 (RLIN) 174488
852 ## - LOCALIZACIÓN
Ubicación ES-MaACL
Número de control de estantería E-8776
Sublocalización o colección R.93063
942 ## - ELEMENTOS DE ENTRADA SECUNDARIOS (KOHA)
Fuente del sistema de clasificación o colocación Clasificación decimal universal
Holdings
Estatus retirado Estado de pérdida Estado de daño No para préstamo Biblioteca de origen Biblioteca actual Ubicación en estantería Fecha de adquisición Fuente de adquisición Total de préstamos Signatura topográfica completa Código de barras Visto por última vez Precio de reemplazo Tipo de ítem Koha
        Biblioteca del Ateneo de Madrid Biblioteca del Ateneo de Madrid Depósito 2 17/01/2008     E-8776 1074416 23/02/2023 23/02/2023 Libro impreso